Doing business in Korea.

Bibliographic Details
Format: Book
Published: New York: Ernst & Young International, 1991.
Subjects:
LEADER 00416cam a2200157 7i4500
001 0000003099
005 20141117090000.0
002 ##000004433
020 0 0 |a T000004105  
090 0 0 |a KORS 338.7   |b DOI 
245 0 0 |a Doing business in Korea. 
260 0 0 |a New York:   |b Ernst & Young International,   |c 1991. 
300 # # |a 112 p.. 
650 0 0 |a Business  
651 0 0 |a Korea  
999 |a 0000004815  |b Book  |c Open shelf  |e Business Information Centre